Statistics for Top 100 Most Popular Animated Series

Click here to take the quiz!

General Stats

  • This quiz has been taken 68 times
  • The average score is 19 of 100

Answer Stats

#YearsRtg.Show% Correct
31989–8.7The Simpsons
91%
61999–8.1Family Guy
79%
91997–8.7South Park
66%
271999–8.1SpongeBob SquarePants
60%
12013–9.2Rick and Morty
59%
321999–20138.4Futurama
55%
262005–7.3American Dad!
55%
421997–20107.3King of the Hill
47%
282010–20188.6Adventure Time
47%
172012–20168.9Gravity Falls
41%
132011–8.1Bob's Burgers
40%
42014–20208.7BoJack Horseman
36%
911960–19667.5The Flintstones
34%
72005–20089.2Avatar: The Last Airbender
34%
362002–20078.3Naruto
33%
152013–20208.3Steven Universe
33%
341992–19959.0Batman: The Animated Series
31%
1001995–20038.5Dragon Ball
31%
411997–7.5Pokémon
29%
501994–19988.3Spider-Man
29%
971990–20067.4Rugrats
29%
672009–8.6Regular Show
29%
872003–20067.8Teen Titans
28%
732015–20198.1Star vs. the Forces of Evil
26%
961987–19908.1DuckTales
26%
682011–20198.2The Amazing World of Gumball
26%
222012–20148.4The Legend of Korra
24%
142009–8.6Archer
24%
311999–8.7One Piece
24%
552004–20128.1Bleach
22%
212006–20079.0Death Note
22%
371996–20038.7Dragon Ball Z
21%
742003–20048.6Fullmetal Alchemist
21%
812013–5.2Teen Titans Go!
21%
511992–19978.4X-Men
19%
242009–20129.1Fullmetal Alchemist: Brotherhood
19%
102016–8.5My Hero Academia
17%
802003–20057.8Star Wars: Clone Wars
17%
652001–20178.5Samurai Jack
17%
582002–20077.2Kim Possible
17%
302007–20178.6Naruto: Shippuden
17%
292015–8.8One Punch Man
17%
82013–8.8Attack on Titan
17%
431998–19998.9Cowboy Bebop
17%
352007–20157.9Phineas and Ferb
17%
22008–20208.1Star Wars: The Clone Wars
17%
622015–20188.4Dragon Ball Super
16%
482018–7.2Disenchantment
14%
202012–8.4JoJo's Bizarre Adventure
14%
611995–19968.5Neon Genesis Evangelion
14%
122017–8.0Big Mouth
14%
942005–20148.3The Boondocks
12%
592017–7.1Boruto: Naruto Next Generations
12%
5720147.9Tokyo Ghoul
12%
782003–8.5The Venture Bros.
10%
332018–7.0Paradise PD
10%
532010–8.6Young Justice
10%
792005–7.7Robot Chicken
10%
162014–20188.0Star Wars: Rebels
10%
561997–20017.9Recess
9%
772016–8.5Mob Psycho 100
9%
232011–20148.9Hunter x Hunter
9%
252019–8.8Demon Slayer: Kimetsu No Yaiba
9%
182014–8.2The Seven Deadly Sins
9%
832014–7.9We Bare Bears
9%
112019–8.4Harley Quinn
9%
542009–20198.0Fairy Tail
9%
6620148.8Over the Garden Wall
9%
522018–8.4The Dragon Prince
9%
6920188.4Violet Evergarden
7%
992010–20197.6My Little Pony: Friendship Is Magic
7%
721969–8.1Sesame Street
7%
452019–8.8The Promised Neverland
7%
7620168.5Erased
7%
492015–8.0F Is for Family
7%
841997–19988.6Berserk
5%
952016–8.0Re:Zero - Starting Life in Another World
5%
922005–8.6Gintama
5%
602011–20158.8Steins;Gate
5%
752014–20158.6Your Lie in April
5%
712010–20138.0Scooby-Doo! Mystery Incorporated
5%
382019–8.3Undone
5%
7020147.9Akame ga Kill!
5%
392012–7.6Sword Art Online
5%
402014–20208.6Haikyuu!!
5%
442018–8.3Final Space
5%
472019–8.9Vinland Saga
5%
52017–8.2Castlevania
3%
9020187.6Devilman: Crybaby
3%
852018–20207.3She-Ra and the Princesses of Power
3%
862016–20188.4Trollhunters: Tales of Arcadia
3%
822012–20157.4Brickleberry
3%
192019–8.6Love, Death & Robots
3%
882012–20177.1Ultimate Spider-Man
2%
632012–7.6High School DxD
2%
932013–7.0Avengers Assemble
2%
461994–19968.1Gargoyles
2%
982012–8.2Psycho-Pass
2%
891985–19917.5Adventures of the Gummi Bears
0%
642006–20128.6Gode Geass: Lelouch of the Rebellion
0%

Score Distribution

Percentile by Number Answered

Percent of People with Each Score

Your Score History

You have not taken this quiz